000 00783nam a2200253 a 4500
001 67701
003 BD-RjUL
005 20211209081702.0
008 000829s1966 cauab 000 0 eng d
035 _a(BD-RjUL)67910
040 _aMtU
_cWaOLN
_dCStRLIN
_dBD-RjUL
_beng
041 _aeng
082 _223
_a551
_bMIL 1966
100 1 _aMiller, John P.
_q(John Preston),
_d1923-1961.
_9200718
245 1 0 _aLaboratory studies in geology /
_cJohn P. Miller [and] Robert Scholten.
250 _a[Rev. ed.]
260 _aFrancisco :
_bW.H. Freeman,
_cc1966
300 _a192 p. :
_bill. ;
_c29 cm.
490 0 _aSeries of books in geology
650 0 _aGeology
_9200719
700 1 _aScholten, Robert,
_d1923-
_9200720
830 _aSeries of books in geology
_9200724
942 _2ddc
_cBK
999 _c67701
_d67701